Places protected by NATO - Statistics

General Stats
  • This quiz has been taken 56 times
  • The average score is 9 of 15
Answer Stats
Question Answer % Correct
Scotland Yes
100%
Germany Yes
98%
Gibraltar Yes
94%
Alaska Yes
91%
Ankara Yes
87%
Kosovo No
77%
Herzegovina No
77%
Albania Yes
72%
Republic of Ireland No
70%
Melilla No
45%
Falkland Islands No
43%
French Guiana No
26%
Hawaii No
19%
Puerto Rico No
19%
French Algeria Yes
19%
No matching quizzes found
Score Distribution
Percent of People with Each Score
Percentile by Number Answered
Your Score History
You have not taken this quiz